Robert Englund Filmography - Statistics

General Stats
  • This quiz has been taken 33 times
    5 since last reset
  • The average score is 23 of 201
Answer Stats
Type Year Name % Correct
Film 1984 A Nightmare on Elm Street
75%
Film 1987 A Nightmare on Elm Street 3: Dream Warriors
75%
Film 1991 Freddy's Dead: The Final Nightmare
75%
Film 2003 Freddy vs. Jason
75%
Film 1994 Wes Craven's New Nightmare
75%
Film 1985 A Nightmare on Elm Street 2: Freddy's Revenge
50%
Film 1988 A Nightmare on Elm Street 4: The Dream Master
50%
Film 1989 A Nightmare on Elm Street 5: The Dream Child
50%
Music Video 1987 Dream Warriors
50%
TV Film 2000 Python
50%
Film 2005 2001 Maniacs
25%
Director 1988 976-EVIL
25%
Film 2023 Abruptio
25%
Music Video 1988 Are You Ready for Freddy
25%
Film 1976 A Star is Born
25%
TV Show 1996 Babylon 5
25%
Film 2006 Behind the Mask: The Rise of Leslie Vernon
25%
TV Film 2007 Black Swarm
25%
Film 1978 Bloodbrothers
25%
TV Show 2010 Bones
25%
Video Game 2010 Call of Duty: Black Ops
25%
Video Game 2011 Call of the Dead
25%
TV Show 1980 Charlie's Angels
25%
TV Show 1981 CHiPs
25%
Film 2022 Choose or Die
25%
TV Show 2010 Chuck
25%
TV Show 2012 Criminal Minds
25%
Web Series 2023-2024 Curses!
25%
Web Series 2009 Fear Clinic
25%
Film 2015 Fear Clinic
25%
TV Show 1980 Flo
25%
TV Show 1988-1990 Freddy's Nightmares - A Nightmare on Elm Street: The Series
25%
Theater 1971, 1985 Godspell
25%
Film 2011 Good Day for It
25%
TV Show 2012 Green Lantern: The Animated Series
25%
Film 2006 Hatchet
25%
TV Show 2011 Hawaii Five-0
25%
TV Show 2015 Hell's Kitchen
25%
Documentary 2011 Hollywood Don't Surf!
25%
Documentary 2022 Hollywood Dreams & Nightmares: The Robert Englund Story
25%
TV Show 2015 Hulk and the Agents of S.M.A.S.H.
25%
Video Game 2017 Injustice 2
25%
TV Show 2002 Justice League
25%
TV Show 2023 King Star King
25%
TV Film 2012 Lake Placid: The Final Chapter
25%
TV Film 2015 Lake Placid vs. Anaconda
25%
TV Show 1997 Married... with Children
25%
Video Game 2011 Marvel Super Hero Squad Online
25%
Video Game 2016 Master of Orion: Conquer the Stars
25%
Documentary 2010 Never Sleep Again: The Elm Street Chronicles
25%
TV Show 1992 Nightmare Cafe
25%
Documentary 2017 Nightmares in the Makeup Chair
25%
Film 1993 Night Terrors
25%
Film TBA Pinocchio: Unstrung
25%
Film 2008 Red
25%
TV Show 2011, 2016-2017 Regular Show
25%
Theater 1975 Saint Joan
25%
TV Show 1979 Soap
25%
TV Film 1983 Starflight: The Plane That Couldn't Land
25%
Film 1998 Strangeland
25%
Web Series 2022 Stranger Things
25%
TV Show 2010 Supernatural
25%
Theater 1968 The Apple Cart
25%
TV Show 2005, 2007 The Batman
25%
Film 2015 The Funhouse Massacre
25%
TV Show 2018 The Goldbergs
25%
Film 2014 The Last Showing
25%
Film 1995 The Mangler
25%
Film 2016 The Midnight Man
25%
Film 1989 The Phantom of the Opera
25%
TV Show 2017 Uncle Grandpa
25%
TV Mini-Series 1983 V
25%
TV Show 1984-1985 V
25%
TV Show 1996 Walker, Texas Ranger
25%
TV Show 1981 Walking Tall
25%
Film 1997 Wishmaster
25%
TV Show 2013 Workaholics
25%
TV Film 1977 Young Joe, the Forgotten Kennedy
25%
TV Show 1984 Alice
0%
TV Show 1989 An Evening at the Improv
0%
TV Show 2005 A Nightmare on Elm Street: Real Nightmares
0%
TV Film 1994 A Perry Mason Mystery: The Case of the Lethal Lifestyle
0%
Film 2003 As a Bad Dream
0%
Film 1978 Big Wednesday
0%
TV Show 2022 Blumhouse's Compendium of Horror
0%
Film 1974 Buster and Billie
0%
TV Show 2014 Cake Boss: Next Great Baker
0%
TV Mini-Series 1979 California Fever
0%
Short Film 2017 Campfire Creepers: The Skull of Sam
0%
Music Video 1994 Can You Feel the Love Tonight
0%
TV Show 1982 Cassie & Co.
0%
TV Show 2001 Charmed
0%
Film 1989 C.H.U.D. II: Bud the C.H.U.D.
0%
Film 2002 Cold Sweat
0%
Short Film 2021 Commune
0%
Film 1992 Dance Macabre
0%
TV Show 1988 D.C. Follies
0%
Film 1981 Dead & Buried
0%
Film 1981 Don't Cry, It's Only Thunder
0%
Web Series 2021, 2022 Dota: Dragon's Blood
0%
TV Show 1986-1987 Downtown
0%
Film 2004 Dubbed and Dangerous 3
0%
Film 1977 Eaten Alive
0%
Documentary Series 2018, 2021 Eli Roth's History of Horror
0%
Documentary Series 2010 Fear Clinic: Director Diaries
0%
Film 1981 Galaxy of Terror
0%
TV Show 1981 Hart to Hart
0%
Film TBA Harvest Moon
0%
Film 2006 Heartstopper
0%
TV Film 1983 Hobson's Choice
0%
TV Show 1985 Hollywood Beat
0%
TV Show 1985 Hunter
0%
Film 1975 Hustle
0%
Film 1999 Idle Hands
0%
TV Show 2003 I'm with Her!
0%
TV Film 1987 Infidelity
0%
Film 2011 Inkubus
0%
Film 2010 I Want to Be a Soldier
0%
TV Film 1983 I Want to Live
0%
Film 2007 Jack Brooks: Monster Slayer
0%
TV Show 2020 JJ Villard's Fairy Tales
0%
TV Film 1983 Journey's End
0%
TV Show 2005 Justice League Unlimited
0%
Film 2015 Kantemir
0%
Film 2008 Killer Pad
0%
Film 1996 Killer Tongue
0%
TV Show 1986 Knight Rider
0%
TV Show 1995 Legend
0%
TV Show 1986 MacGyver
0%
TV Show 1983 Manimal
0%
TV Show 2005 Masters of Horror
0%
Film 1998 Meet the Deedles
0%
TV Film 1979 Mind Over Murder
0%
TV Film 1994 Mortal Fear
0%
Video Game 2011 Mortal Kombat
0%
TV Film 1982 Mysterious Two
0%
Film 2023 Natty Knocks
0%
Film 1986 Never Too Young to Die
0%
TV Show 1985 Night Court
0%
Film 2009 Night of the Sinner
0%
Film 2017 Nightworld
0%
Film 2003 Nobody Knows Anything!
0%
TV Mini-Series 1986 North and South
0%
TV Show 1979 Paris
0%
Film 1997 Perfect Target
0%
TV Show 1979 Police Story
0%
TV Show 1978 Police Woman
0%
TV Show 2014 Randy Cunningham: 9th Grade Ninja
0%
Film 2005 Repetition
0%
Film 2005 Repitition
0%
Short Documentary 2003 Robert Englund: An Early Work of Horror
0%
TV Show 2024 Royal Crackers
0%
Film 2013 Sanitarium
0%
TV Show 1983 Simon & Simon
0%
TV Show 1996 Sliders
0%
Web Series 2018 Spy Kids: Mission Critical
0%
Film 1996 Starquest II
0%
Film 1976 Stay Hungry
0%
Film 1976 St. Ives
0%
Film 2012 Strippers vs Werewolves
0%
Film 1975 Sunburst
0%
TV Show 2004 Super Robot Monkey Team Hyperforce Go!
0%
Film 2010 Tamora Gamble
0%
TV Show 2014 Teenage Mutant Ninja Turtles
0%
Film 1990 The Adventures of Ford Fairlane
0%
TV Film 1978 The Courage and the Passion
0%
Film 1978 The Fifth Floor
0%
TV Film 1983 The Fighter
0%
TV Show 1977 The Hardy Boys/Nancy Drew Mysteries
0%
TV Special 1990 The Horror Hall of Fame
0%
TV Special 1991 The Horror Hall of Fame II
0%
TV Special 1992 The Horror Hall of Fame III
0%
TV Show 1999 The Hughleys
0%
TV Show 1999 The Jamie Foxx Show
0%
Film 2011 The Moleman of Belmont Avenue
0%
TV Show 2001 The Nightmare Room
0%
TV Film 1979 The Ordeal of Patty Hearst
0%
Web Special 2022 The Paloni Show! Halloween Special!
0%
Film 1996 The Paper Brigade
0%
Film 1999 The Prince and the Surfer
0%
Film 2023 The Quantum Devil
0%
Film 2003 The Return of Cagliostro
0%
Short Film 2011 The Sexy Dark Ages
0%
TV Show 1998 The Simpsons
0%
TV Show 2008, 2009 The Spectacular Spider-Man
0%
TV Show 2009 The Super Hero Squad Show
0%
TV Film 1995 The Unspoken Truth
0%
Film 1996 The Vampyre Wars
0%
Film 2009 The Vij
0%
TV Film 1982 Thou Shalt Not Kill
0%
Documentary Series 2020 True Terror with Robert Englund
0%
Short Film 2023 Under the Bed
0%
Film 1998 Urban Legend
0%
TV Mini-Series 1984 V: The Final Battle
0%
Film 2010 Web Cam 3D
0%
TV Film 2002 Windfall
0%
Film 2002 Wish You Were Dead
0%
Film 2014 Witches Blood
0%
Theater 1971 You Can Never Tell
0%
Film 2012 Zombie Mutation
0%
Film 2008 Zombie Strippers
0%
No matching quizzes found
Score Distribution
Percent of People with Each Score
Percentile by Number Answered
Your Score History
You have not taken this quiz since the last reset